000 00219nam a22000857a 4500
008 160706b xxu||||| |||| 00| 0 eng d
100 _92381
_aGoscinny R
245 _aThe Cauldron
260 _aUSA Orion
_bOrion Publication
_c2004
999 _c2059
_d2059